| Tag |
First Indicator |
Second Indicator |
Subfields |
| LEADER |
00000cam a2200000 a 4500 |
| 001 |
in00001647821 |
| 005 |
20151023105506.0 |
| 008 |
981215s1998 ne a b 001 0 fre d |
| 010 |
|
|
|a 98231650
|
| 020 |
|
|
|a 9042002808
|
| 035 |
|
|
|a (OCoLC)ocm40121899
|
| 040 |
|
|
|a LRU
|c DLC
|d TXA
|d UtOrBLW
|
| 042 |
|
|
|a lccopycat
|
| 049 |
|
|
|a TXAM
|
| 050 |
0 |
0 |
|a PN45
|b .R576 1998
|
| 082 |
0 |
0 |
|a 801
|2 21
|
| 100 |
1 |
|
|a Roelens, Nathalie.
|
| 245 |
1 |
3 |
|a Le lecteur, ce voyeur absolu /
|c Nathalie Roelens.
|
| 246 |
3 |
0 |
|a Lecteur
|
| 264 |
|
1 |
|a Amsterdam ;
|a Atlanta, GA :
|b Rodopi,
|c 1998.
|
| 300 |
|
|
|a 433, 62 pages :
|b illustrations ;
|c 22 cm.
|
| 336 |
|
|
|a text
|b txt
|2 rdacontent
|
| 337 |
|
|
|a unmediated
|b n
|2 rdamedia
|
| 338 |
|
|
|a volume
|b nc
|2 rdacarrier
|
| 490 |
1 |
|
|a Faux titre ;
|v no. 143
|
| 504 |
|
|
|a Includes bibliographical references (pages 415-430) and index.
|
| 650 |
|
0 |
|a Literature
|x Philosophy.
|
| 650 |
|
0 |
|a Literature, Modern
|x History and criticism
|x Theory, etc.
|
| 650 |
|
0 |
|a Reading
|x Psychological aspects.
|
| 830 |
|
0 |
|a Faux titre ;
|v no. 143.
|
| 948 |
|
|
|a cataloged
|b h
|c 2002/1/8
|d c
|e dmitchel
|f 8:46:36 am
|
| 994 |
|
|
|a E0
|b TXA
|
| 999 |
|
|
|a MARS
|
| 999 |
f |
f |
|s 1991d640-87a1-3cbd-a433-5161750e04b6
|i ec22bc86-cbef-38a2-be54-2b30dc6320f4
|t 0
|
| 952 |
f |
f |
|p ric
|a Texas A&M University
|b Rellis Campus
|c Joint Library Facility
|d Remote Storage
|t 0
|e PN45 .R576 1998
|h Library of Congress classification
|i unmediated -- volume
|m A14828373767
|
| 998 |
f |
f |
|a PN45 .R576 1998
|t 0
|l Remote Storage
|